| 000 | 00886nac a22002411u 4500 | ||
|---|---|---|---|
| 010 | _a 86005889 | ||
| 020 | _a0815623682 (alk. paper) | ||
| 082 | 0 | 0 |
_a391.00962 _bRUG |
| 090 |
_c5405 _d5405 |
||
| 100 | _aRugh, Andrea B. | ||
| 245 | 1 | 0 |
_aReveal and conceal : _bdress in contemporary Egypt / _cAndrea B. Rugh ; line drawings by Elizabeth Rodenbeck ; photographs by William A. Rugh. |
| 250 | _a1st ed. | ||
| 260 |
_aSyracuse, N.Y. : _bSyracuse University Press,1986 _c1986. |
||
| 300 |
_axi, 185 p. : _bill. ; _c26 cm. |
||
| 440 | 0 | _aContemporary issues in the Middle East | |
| 500 | _aIncludes index. | ||
| 500 | _adistributer: Al-Ahram | ||
| 504 | _aBibliography: p. 179-180. | ||
| 511 | _acatalogued by: wessam | ||
| 650 | 0 |
_aClothing and dress _zEgypt. |
|
| 650 | 0 |
_aClothing and dress _vCase studies. |
|
| 942 |
_cBB _k391.00962RUG |
||
| 999 |
_c5405 _d5405 |
||